Star Wars - Planètes - Statistiques

Statistiques générales
  • Ce quiz a été pris 92 fois
  • Le résultat moyen est 8 sur 16
Statistiques - réponses
Par images Réponse % Correct
Mustafar
92%
Tatooine
87%
Coruscant
86%
Naboo
83%
Geonosis
72%
Hoth
65%
Kamino
58%
Jakku
52%
Alderaan
51%
Yavin 4
46%
Dagobah
44%
Bespin
42%
Exegol
24%
Crait
20%
Cantonica
8%
Eadu
7%
Aucun quiz correspondant
Distribution des résultats
% des personnes avec chaque résultat
Percentile par nombre de réponses
Votre historique - résultats
Vous n’avez pas pris ce quiz